[Event "Offene Senioren SH 2013"]
[Site "Büsum"]
[Date "2013.09.28"]
[Round "1.26"]
[White "Möller, Gerhard"]
[Black "Heinzel, Peter"]
[Result "0-1"]
[WhiteElo "1678"]
[BlackElo "2030"]
[PlyCount "40"]
[EventDate "2013.??.??"]
[WhiteTeam "SF Ostsee Warnemünde"]
[BlackTeam "Schachclub Mülheim 08/25 e.V."]

1. Nf3 Nf6 2. d4 g6 3. c4 Bg7 4. Nc3 c5 5. d5 O-O 6. g3 d6 7. Bg2 Bd7 8. O-O
Na6 9. a3 Nc7 10. Bg5 h6 11. Bd2 a6 12. Qc1 Kh7 13. e4 b5 14. cxb5 axb5 15. Qc2
Na6 16. Rab1 b4 17. axb4 Nxb4 18. Qd1 Qc7 19. Ra1 Qb7 20. Re1 Nd3 0-1

[Event "Offene Senioren SH 2013"]
[Site "Büsum"]
[Date "2013.09.28"]
[Round "1.27"]
[White "Mikolajewski, Armin"]
[Black "Möller, Dr.Peter"]
[Result "1-0"]
[WhiteElo "2026"]
[BlackElo "1678"]
[PlyCount "82"]
[EventDate "2013.??.??"]
[WhiteTeam "Naumburger Sportverein 1951"]
[BlackTeam "SC Mecklenburger Springer"]

1. d4 Nf6 2. c4 d6 3. Nc3 g6 4. e4 Bg7 5. Nf3 b6 6. Be2 Bb7 7. Qc2 O-O 8. O-O
Nbd7 9. Rd1 Qc8 10. Be3 c6 11. h3 Rd8 12. Rac1 e6 13. Bg5 h6 14. Bf4 d5 15. e5
Ne8 16. cxd5 exd5 17. Qd2 Kh7 18. Nxd5 Nf8 19. Nf6+ Nxf6 20. exf6 Bxf6 21. Bxh6
c5 22. Bxf8 Rxf8 23. Qf4 Qe6 24. Bc4 Qf5 25. Qxf5 gxf5 26. dxc5 Bxf3 27. gxf3
bxc5 28. Bd3 Rg8+ 29. Kf1 Kg6 30. Rxc5 Bxb2 31. Bxf5+ Kg7 32. Rc7 Kf6 33. Be4
Rab8 34. Rd6+ Kg7 35. Rdd7 Be5 36. Rxf7+ Kh6 37. Rc6+ Kh5 38. Rc5 Rbe8 39. Rxa7
Kh4 40. Rh7+ Kg5 41. h4+ Kf6 1-0

[Event "Offene Senioren SH 2013"]
[Site "Büsum"]
[Date "2013.09.28"]
[Round "1.28"]
[White "Kühnen, Gerhard"]
[Black "Schroeder, Dr.Christian"]
[Result "0-1"]
[WhiteElo "1665"]
[BlackElo "2025"]
[PlyCount "80"]
[EventDate "2013.??.??"]
[WhiteTeam "Flensburger SK von 1876"]
[BlackTeam "HSG Uni Rostock"]

1. Nf3 Nf6 2. c4 e6 3. d4 d5 4. e3 c6 5. Nc3 Bd6 6. Bd3 Nbd7 7. O-O O-O 8. e4
dxe4 9. Nxe4 Nxe4 10. Bxe4 h6 11. b3 Nf6 12. Qd3 Qc7 13. h3 b6 14. a4 Bb7 15.
Rb1 Rfd8 16. Rd1 Nxe4 17. Qxe4 c5 18. d5 exd5 19. cxd5 Re8 20. Qg4 Kf8 21. Bb2
f6 22. Qg6 Qf7 23. Qxf7+ Kxf7 24. Bc3 Rad8 25. g3 Bf8 26. Nh4 Bxd5 27. b4 cxb4
28. Bxb4 Be4 29. Rxd8 Rxd8 30. Re1 Rd4 31. Bxf8 Kxf8 32. f3 Bc2 33. Rc1 Rd1+
34. Rxd1 Bxd1 35. a5 bxa5 36. Ng6+ Kf7 37. Nf4 a4 38. Nd3 a3 39. Nc1 Bxf3 40.
Kf2 Bd5 0-1

[Event "Offene Senioren SH 2013"]
[Site "Büsum"]
[Date "2013.09.28"]
[Round "1.29"]
[White "Jürgens, Peter"]
[Black "Bangert, Rüdiger"]
[Result "1-0"]
[WhiteElo "2006"]
[BlackElo "1638"]
[PlyCount "65"]
[EventDate "2013.??.??"]
[WhiteTeam "SC Tempo Göttingen"]

1. d4 Nf6 2. Nf3 g6 3. Bf4 Bg7 4. e3 O-O 5. Be2 c6 6. O-O Nh5 7. Bg5 f6 8. Bh4
g5 9. Nfd2 gxh4 10. Bxh5 d6 11. c3 Bf5 12. Qb3+ d5 13. Qxb7 Nd7 14. Qxc6 Nb6
15. Qb5 Rb8 16. Qe2 Na4 17. b3 Nb2 18. e4 dxe4 19. Nxe4 Qd5 20. Bf3 Qe6 21.
Nbd2 Bh6 22. Rfe1 Kh8 23. Nf1 Bh3 24. Kh1 Rg8 25. Ne3 f5 26. Nc5 Qd6 27. gxh3
Bf4 28. Ng2 Bxh2 29. Qxe7 Qh6 30. Kxh2 Rxg2+ 31. Bxg2 Qf4+ 32. Kg1 Qg5 33. Qxg5
1-0

[Event "Offene Senioren SH 2013"]
[Site "Büsum"]
[Date "2013.09.28"]
[Round "1.30"]
[White "Schumacher, Ursula"]
[Black "Lehmann, Erwin"]
[Result "0-1"]
[WhiteElo "1637"]
[BlackElo "1991"]
[PlyCount "74"]
[EventDate "2013.??.??"]
[WhiteTeam "HTC Bad Neuenahr"]
[BlackTeam "Ahrensburger TSV"]

1. c4 Nf6 2. Nc3 e5 3. Nf3 d6 4. g3 Be7 5. Bg2 c5 6. d3 Nc6 7. a3 Rb8 8. Bd2
Bd7 9. O-O O-O 10. Rb1 a6 11. Na2 b5 12. b3 Qc8 13. Re1 h6 14. Bc3 Be6 15. Nd2
Qc7 16. Qc2 Nd4 17. Qd1 d5 18. e3 Nc6 19. Qc2 d4 20. Ba1 Rfd8 21. e4 bxc4 22.
bxc4 Qa5 23. Qc1 Qa4 24. Bf3 Bg4 25. Kg2 Rxb1 26. Nxb1 Rb8 27. Bd1 Bxd1 28.
Qxd1 Qa5 29. Qd2 Rb3 30. Qxa5 Nxa5 31. Rd1 Nd7 32. Kf3 Nxc4 33. Ke2 Nxa3 34.
Nd2 Rb5 35. Nc1 a5 36. Ncb3 a4 37. Bb2 Nc2 0-1

[Event "Offene Senioren SH 2013"]
[Site "Büsum"]
[Date "2013.09.28"]
[Round "1.31"]
[White "Kracht, Helmut"]
[Black "Gottschalk, Jürgen"]
[Result "1-0"]
[WhiteElo "1989"]
[BlackElo "1629"]
[PlyCount "57"]
[EventDate "2013.??.??"]
[WhiteTeam "SK Kaltenkirchen"]
[BlackTeam "SV Blau-Weiß 69 Parchim"]

1. e4 e5 2. Nf3 Nc6 3. d4 exd4 4. Nxd4 Nf6 5. Nc3 Bb4 6. Nxc6 Bxc3+ 7. bxc3
dxc6 8. Qxd8+ Kxd8 9. f3 h6 10. Bf4 Ne8 11. Bc4 g5 12. Be5 f6 13. Bd4 Rh7 14.
O-O-O Bd7 15. Rd2 Kc8 16. Rhd1 b5 17. Bb3 Kb7 18. Bc5 Kc8 19. Bf8 h5 20. Bg8
Rh8 21. Rxd7 Rxg8 22. Rd8+ Kb7 23. Rxa8 Kxa8 24. Rd8+ Kb7 25. Rxe8 a5 26. Rd8
g4 27. Be7 gxf3 28. gxf3 Rg1+ 29. Rd1 1-0

[Event "Offene Senioren SH 2013"]
[Site "Büsum"]
[Date "2013.09.28"]
[Round "1.32"]
[White "Vierling, Paul"]
[Black "Soltau, Achim"]
[Result "0-1"]
[WhiteElo "1574"]
[BlackElo "1988"]
[PlyCount "71"]
[EventDate "2013.??.??"]
[WhiteTeam "Fehntjer SK"]
[BlackTeam "SK Johanneum Eppendorf"]

1. e4 c5 2. Nc3 e6 3. Nf3 Nc6 4. Be2 a6 5. O-O Nf6 6. d3 d5 7. e5 Nd7 8. Bf4
Qc7 9. Bg3 Ndxe5 10. Nxe5 Nxe5 11. d4 cxd4 12. Bxe5 Qxe5 13. Re1 Qf6 14. Nb1
Bc5 15. Bd3 O-O 16. a3 Bd6 17. Nd2 e5 18. Qf3 Qh6 19. Nf1 e4 20. Bxe4 dxe4 21.
Rxe4 Bd7 22. Rxd4 Bc6 23. Qh3 Qxh3 24. gxh3 Be5 25. Rb4 a5 26. Rb6 Bd4 27. Rb3
Rfe8 28. c3 Bc5 29. c4 Re2 30. Ne3 Re8 31. Kf1 Rd2 32. Ke1 Bxe3 33. fxe3 Rxh2
34. Rd1 Rh1+ 35. Ke2 Rxd1 36. Kxd1 0-1

[Event "Offene Senioren SH 2013"]
[Site "Büsum"]
[Date "2013.09.28"]
[Round "1.33"]
[White "Vogel, Alfred"]
[Black "Geibel, Henning"]
[Result "1-0"]
[WhiteElo "1986"]
[BlackElo "1530"]
[PlyCount "51"]
[EventDate "2013.??.??"]
[WhiteTeam "ESV Lok Sömmerda"]
[BlackTeam "SV Bargteheide"]

1. e4 e5 2. f4 d6 3. Nf3 Qf6 4. Nc3 c6 5. fxe5 dxe5 6. d3 h6 7. Be3 Bb4 8. Be2
Bxc3+ 9. bxc3 Ne7 10. O-O O-O 11. d4 exd4 12. cxd4 Qg6 13. Bd3 Qe6 14. Ne5 b5
15. a4 Ba6 16. Qe2 Qc8 17. Qh5 Nd7 18. Nxf7 Qe8 19. Nxh6+ gxh6 20. Qxh6 Qg6 21.
Qh3 Rxf1+ 22. Rxf1 Nb6 23. e5 Qg7 24. Qe6+ Kh8 25. Rf3 Ng8 26. Rh3+ 1-0

[Event "Offene Senioren SH 2013"]
[Site "Büsum"]
[Date "2013.09.28"]
[Round "1.34"]
[White "Wiebke, Elfriede"]
[Black "Strenzke, Dr.Günter"]
[Result "0-1"]
[WhiteElo "1377"]
[BlackElo "1985"]
[PlyCount "58"]
[EventDate "2013.??.??"]
[WhiteTeam "Verein Segeberger SF"]
[BlackTeam "SC Concordia SAbt Palame"]

1. e4 e6 2. Bc4 d5 3. exd5 exd5 4. Bb3 Nf6 5. d3 Bd6 6. Bg5 O-O 7. Nf3 c6 8.
O-O Bg4 9. Qe1 Bxf3 10. gxf3 Nbd7 11. Kh1 Qc7 12. f4 Bxf4 13. Bxf4 Qxf4 14. Qe3
Qf5 15. Nd2 Ne5 16. f3 Rfe8 17. Qf2 Ng6 18. Rg1 Re7 19. Qg2 Rae8 20. a3 Re2 21.
Qg3 Rxd2 22. Rg2 Rxg2 23. Qxg2 Nh4 24. Qg3 Qxf3+ 25. Qxf3 Nxf3 26. Kg2 Nd4 27.
a4 Re2+ 28. Kh3 Nxb3 29. cxb3 Rxb2 0-1

[Event "Offene Senioren SH 2013"]
[Site "Büsum"]
[Date "2013.09.28"]
[Round "1.35"]
[White "Dümmke, Jürgen"]
[Black "Schuett, Ingo"]
[Result "1-0"]
[WhiteElo "1981"]
[BlackElo "1638"]
[PlyCount "71"]
[EventDate "2013.??.??"]
[WhiteTeam "Ahrensburger TSV"]
[BlackTeam "SV Großhansdorf"]

1. e4 d6 2. d4 Nf6 3. Nc3 g6 4. Bg5 Bg7 5. Be2 Nbd7 6. h4 h6 7. Be3 c5 8. e5
dxe5 9. dxc5 Qa5 10. Qd2 Nb8 11. O-O-O Nc6 12. a3 Ng4 13. Nb5 Qxd2+ 14. Rxd2
O-O 15. Bxg4 Bxg4 16. f3 Bc8 17. Ne2 Rb8 18. Rhd1 a6 19. Nbc3 Be6 20. Nd5 f5
21. b4 Kf7 22. c4 Rbc8 23. Kc2 f4 24. Bf2 Bf5+ 25. Kb3 g5 26. g4 Bh7 27. h5 e4
28. fxe4 Bxe4 29. b5 Ne5 30. Nb6 Rc7 31. Nc3 Nxg4 32. Nxe4 Nxf2 33. Rxf2 Be5
34. Rd5 Ke6 35. Re2 Rf5 36. Nf2 1-0

[Event "Offene Senioren SH 2013"]
[Site "Büsum"]
[Date "2013.09.28"]
[Round "1.36"]
[White "Hölzel, Gerhard"]
[Black "Bars, Joachim"]
[Result "1/2-1/2"]
[WhiteElo "1561"]
[BlackElo "1979"]
[PlyCount "99"]
[EventDate "2013.??.??"]
[WhiteTeam "Ahrensburger TSV"]
[BlackTeam "Schachverein Heessen 1925"]

1. d4 Nf6 2. c4 e6 3. a3 d5 4. e3 Nbd7 5. Nf3 c5 6. Nc3 cxd4 7. exd4 dxc4 8.
Bxc4 Nb6 9. Bd3 Be7 10. Be3 O-O 11. h4 Nfd5 12. Nxd5 Nxd5 13. g4 Nxe3 14. fxe3
Bd7 15. g5 Bc6 16. Rg1 f5 17. gxf6 Bxf6 18. Ng5 Bxg5 19. hxg5 g6 20. Qg4 Qa5+
21. b4 Qd5 22. Ke2 Qf3+ 23. Qxf3 Rxf3 24. Kd2 Rf2+ 25. Be2 Bb5 26. Rae1 Rc8 27.
Rgf1 Rg2 28. Rg1 Rxe2+ 29. Rxe2 Bxe2 30. Kxe2 Rc3 31. Kf3 b5 32. Kf4 Kg7 33. e4
Kf7 34. Rf1 Rxa3 35. Ke5+ Ke7 36. Rf6 a5 37. Rxe6+ Kd7 38. bxa5 Rxa5 39. Rd6+
Kc7 40. d5 b4 41. Ke6 Rb5 42. Rc6+ Kd8 43. e5 b3 44. Rc1 b2 45. Rb1 Rb6+ 46. d6
Ke8 47. Kd5 Rb5+ 48. Ke6 Kd8 49. Rf1 Kc8 50. Rb1 1/2-1/2

[Event "Offene Senioren SH 2013"]
[Site "Büsum"]
[Date "2013.09.28"]
[Round "1.37"]
[White "Kalkmann, Hans"]
[Black "Reese, Ernst August"]
[Result "1-0"]
[WhiteElo "1978"]
[BlackElo "1524"]
[PlyCount "31"]
[EventDate "2013.??.??"]
[WhiteTeam "Schachclub Springer St.Tönis 194"]
[BlackTeam "SV VHS Rendsburg"]

1. e4 c5 2. Nf3 Nc6 3. Bb5 a6 4. Bxc6 bxc6 5. O-O d6 6. Qe2 e6 7. b3 Be7 8. Bb2
Nf6 9. d3 O-O 10. Nbd2 Bb7 11. e5 Nd7 12. exd6 Bxd6 13. Ne4 Be7 14. Qd2 h6 15.
Qc3 f5 16. Qxg7# 1-0

[Event "Offene Senioren SH 2013"]
[Site "Büsum"]
[Date "2013.09.28"]
[Round "1.38"]
[White "Freihube, Manfred"]
[Black "Burckhardt, Karl"]
[Result "0-1"]
[WhiteElo "1521"]
[BlackElo "1958"]
[PlyCount "60"]
[EventDate "2013.??.??"]
[WhiteTeam "SC Schwarz-Weiß Lichtenrade e.V."]
[BlackTeam "SC Fulda"]

1. d4 e5 2. dxe5 Nc6 3. Nf3 Qe7 4. Bd2 Nxe5 5. Nxe5 Qxe5 6. Bc3 Qh5 7. g3 d5 8.
Bg2 c6 9. O-O Nf6 10. e3 Bg4 11. f3 Be6 12. Bxf6 gxf6 13. Qd4 Be7 14. Nd2 O-O
15. Rf2 b6 16. Nf1 Qh6 17. b3 f5 18. Qd2 Rad8 19. f4 Qg7 20. Rb1 d4 21. exd4
Rxd4 22. Qe2 c5 23. Rd1 Rfd8 24. Rxd4 cxd4 25. Qd3 Bf6 26. Nd2 Qf8 27. a4 Rc8
28. Nf3 Qc5 29. h4 Qc3 30. Qxc3 dxc3 0-1

[Event "Offene Senioren SH 2013"]
[Site "Büsum"]
[Date "2013.09.28"]
[Round "1.39"]
[White "Fritsch, Dr Jürgen"]
[Black "Ritter, Klaus"]
[Result "1-0"]
[WhiteElo "1958"]
[BlackElo "1277"]
[PlyCount "87"]
[EventDate "2013.??.??"]
[WhiteTeam "SK Lister Turm"]
[BlackTeam "SV Büsum"]

1. d4 d5 2. Nf3 h6 3. Bf4 Nc6 4. e3 a6 5. c3 e6 6. Nbd2 b5 7. Ne5 Nxe5 8. Bxe5
Qd7 9. Bd3 f6 10. Bg6+ Kd8 11. Bg3 Ne7 12. Bd3 Bb7 13. O-O Nc6 14. b4 Bd6 15.
Nb3 Rb8 16. Qh5 Bxg3 17. hxg3 Ne7 18. Nc5 Qd6 19. Qg4 Bc8 20. Qxg7 Rg8 21. Qxf6
c6 22. Bh7 Re8 23. Qxh6 Kc7 24. Qf4 Qxf4 25. gxf4 Rh8 26. Bd3 Kd6 27. f3 Nf5
28. Bxf5 exf5 29. Kf2 Ra8 30. Rh1 Rxh1 31. Rxh1 a5 32. Nd3 axb4 33. Nxb4 Ra3
34. Rh6+ Be6 35. g4 Kd7 36. gxf5 Bxf5 37. Rxc6 Rxa2+ 38. Nxa2 Kxc6 39. Nb4+ Kd6
40. Kg3 Ke6 41. Kh4 Kd6 42. Kg5 Ke6 43. Na6 Bd3 44. Nc5+ 1-0